000 00212nam a2200085Ia 4500
008 120527s9999 xx 000 0 und d
100 _aAron , Raymond
245 _aMain Currents in sociological thought
942 _cBK
999 _c27683
_d27683